Frente al bosque de pinos (Registro nro. 1257)
[ vista simple ]
| 000 -CABECERA | |
|---|---|
| fixed length control field | 00766nam a22002417a 4500 |
| 003 - CONTROL NUMBER IDENTIFIER | |
| control field | AR-BeUNQ |
| 005 - FECHA Y HORA DE LA ULTIMA TRANSACCION | |
| control field | 20251127150802.0 |
| 008 - ELEMENTOS DE LONGITUD FIJA-INFORMACION GENERAL | |
| fixed length control field | 250505b |||||||| |||| 00| 0 spa d |
| 020 ## - NUMERO INTERNACIONAL NORMALIZADO PARA LIBROS | |
| Número Internacional Normalizado del libro | 9789574848871 |
| 040 ## - FUENTE DE CATALOGACION | |
| Agencia de catalogación original | AR-BeUNQ |
| Idioma de catalogación | ESPAÑOL |
| Agencia que realiza la transcripción | AR-BeUNQ |
| Convenciones de la descripción | aacr |
| 082 ## - NUMERO DE CLASIFICACION DECIMAL DEWEYMBER | |
| Número de la edición | 21 |
| Número de clasificación | 861 GAR |
| 100 10 - ASIENTO PRINCIPAL-NOMBRE PERSONAL | |
| Nombre personal | García, Juan Fernando |
| Títulos u otras palabras asociadas al nombre | autor |
| Fecha asociada al nombre | 1970 |
| Término relacionador | aut. |
| 245 10 - MENCION DE TITULO | |
| Título | Frente al bosque de pinos |
| Mención de responsabilidad, etc | Juan Fernando García |
| Medio físico | libro |
| 250 ## - MENCION DE EDICION | |
| Mención de edición | 1a.ed |
| 260 ## - PUBLICACION, DISTRIBUCION, ETC. | |
| Lugar de publicación, distribución, etc. | 21 |
| Nombre del editor, distribuidor, etc. | 861 GAR |
| 300 ## - DESCRIPCION FISICA | |
| Extensión | 44 p. |
| Dimensiones | 13 cm |
| 490 ## - MENCION DE SERIE | |
| Mención de serie | Identidades Bonaerenses |
| 500 ## - NOTA GENERAL | |
| Nota general | poesia argentina. |
| 600 ## - ASIENTO SECUNDARIO DE MATERIA - NOMBRE PERSONAL | |
| Nombre personal | Roldan , Javier |
| Títulos y otras palabras asociadas con el nombre | edit. |
| 600 ## - ASIENTO SECUNDARIO DE MATERIA - NOMBRE PERSONAL | |
| Nombre personal | Muggeri, Fabian |
| Títulos y otras palabras asociadas con el nombre | Fotg. |
| 929 ## - DATOS DE ADQUISICION | |
| Procedencia | DONACION |
| Proveedor | Ministerio de Educación de la Provincia de Buenos Aires |
| Orden de compra | 0 |
| Precio | 0 |
| Fecha de recibido | 05/11/2024 |
| Patrimonio UNQ | PAT 0082604 |
| Número de inventario | 62977 |
| 942 ## - ELEMENTOS DE PUNTO DE ACCESO ADICIONAL (KOHA) | |
| Tipo de ítem Koha | Libros |
| Estado de retiro | Estado de pérdida | Ubicación permanente | Ubicación actual | Ubicación en estantería | Fecha de ingreso | Total Checkouts | Signatura topográfica completa | Inventario | Date last seen | Tipo de ítem Koha | Operador |
|---|---|---|---|---|---|---|---|---|---|---|---|
| Biblioteca ESET - UNQ | Biblioteca ESET - UNQ | CIRCULACION | 27/11/2025 | 861 GAR | 62977 | 27/11/2025 | Libros | Gladys Alarcon |